<?xml version="1.0" encoding="UTF-8"?><?xml-stylesheet type="text/xsl" href="static/style.xsl"?><OAI-PMH xmlns="http://www.openarchives.org/OAI/2.0/" xmlns:xsi="http://www.w3.org/2001/XMLSchema-instance" xsi:schemaLocation="http://www.openarchives.org/OAI/2.0/ http://www.openarchives.org/OAI/2.0/OAI-PMH.xsd"><responseDate>2026-04-29T04:52:18Z</responseDate><request verb="GetRecord" identifier="oai:repisalud.isciii.es:20.500.12105/10173" metadataPrefix="marc">https://repisalud.isciii.es/rest/oai/request</request><GetRecord><record><header><identifier>oai:repisalud.isciii.es:20.500.12105/10173</identifier><datestamp>2024-05-21T11:02:18Z</datestamp><setSpec>com_20.500.12105_2203</setSpec><setSpec>com_20.500.12105_2202</setSpec><setSpec>col_20.500.12105_19505</setSpec><setSpec>col_20.500.12105_19585</setSpec></header><metadata><record xmlns="http://www.loc.gov/MARC21/slim" xmlns:dcterms="http://purl.org/dc/terms/" xmlns:doc="http://www.lyncode.com/xoai" xmlns:xsi="http://www.w3.org/2001/XMLSchema-instance" xsi:schemaLocation="http://www.loc.gov/MARC21/slim http://www.loc.gov/standards/marcxml/schema/MARC21slim.xsd">
   <leader>00925njm 22002777a 4500</leader>
   <datafield ind2=" " ind1=" " tag="042">
      <subfield code="a">dc</subfield>
   </datafield>
   <datafield ind2=" " ind1=" " tag="720">
      <subfield code="a">Instituto de Salud Carlos III. Centro Nacional de Epidemiología</subfield>
      <subfield code="e">author</subfield>
   </datafield>
   <datafield ind2=" " ind1=" " tag="260">
      <subfield code="c">2010-01-09</subfield>
   </datafield>
   <datafield ind2=" " ind1=" " tag="520">
      <subfield code="a">En la primera semana del año 2010 (01/2010) la actividad gripal en España disminuye con respecto a la semana previa de vigilancia situándose por tercera semana consecutiva por debajo del umbral basal establecido; la tasa de incidencia de gripe es de 29,80 casos por 100.000 habitantes. El pico de la onda pandémica se alcanzó en la semana 46/2009 con 372,70 casos/100.0000 habitantes. 
 En todas las redes del sistema se observa una estabilidad o disminución de la actividad gripal con respecto a la semana 52/2009 con valores de incidencia gripal propios del periodo pre-epidémico.  
 Aunque en las últimas semanas se registra una disminución en la intensidad de la circulación viral, el virus pandémico AnH1N11 sigue circulando mayoritariamente (99% del total de virus detectados en la semana 01/2010) en siete redes del sistema distribuidas a lo largo del territorio sujeto a vigilancia. 
 El porcentaje de muestras positivas a virus gripales alcanzó un valor máximo en la semana 43/2009 (69%) y desde entonces se ha observado una disminución en este indicador de intensidad de la circulación viral (11% en la semana 01/2010).  
 A nivel nacional se observa una disminución significativa en la tasa de incidencia de gripe en el grupo de 0-4 años.</subfield>
   </datafield>
   <datafield ind1="8" ind2=" " tag="024">
      <subfield code="a">http://hdl.handle.net/20.500.12105/10173</subfield>
   </datafield>
   <datafield tag="653" ind2=" " ind1=" ">
      <subfield code="a">Gripe</subfield>
   </datafield>
   <datafield tag="653" ind2=" " ind1=" ">
      <subfield code="a">Vigilancia epidemiológica</subfield>
   </datafield>
   <datafield ind2="0" ind1="0" tag="245">
      <subfield code="a">La actividad gripal en España se mantiene en valores pre-epidémicos    Vigilancia de la gripe en España  Semana 01/2010 (del 3 al 9 de enero de 2010)</subfield>
   </datafield>
</record></metadata></record></GetRecord></OAI-PMH>